000 00688nam a22002297a 4500
003 UA-OsUOA
001 130832
007 ta
008 20180514b un ||||| |||| 00| 0 ukr d
100 _aБлащук-Дев'яткіна Н. З.
700 _aПетрик Л. О.
090 _a330(477)
_bБ68
942 _cSA
040 _aUA-OsUOA
_bukr
_cUA-OsUOA
_dUA-OsUOA
245 _aТенденції розитку фондового ринку України
300 _aС.16-21
955 _a0
041 _aukr
080 _a330(477)
773 0 _w130830
_tЕкономіка. Фінанси. Право.
_dК.
_d2018
_g4
650 7 _a330 Економіка взагалі
_2UDC
999 _c418663
_d418663